| 000 | 00922nam a2200217Ii 4500 | ||
|---|---|---|---|
| 003 | JO-AjNU | ||
| 008 | 230605s9999||||xx |||||||||||||| ||und|| | ||
| 017 | _a2004/6/1424 | ||
| 040 |
_aJO-AjNU _bara _erda _cJO-AjNU |
||
| 041 | _aara | ||
| 050 | 1 | 4 | _aKMM404.5.B3782 2004 |
| 100 | 3 |
_aإعداد البشير، سعد علي, _eauthor _947104 |
|
| 245 | 0 | 0 | _aالجرائم الواقعة على الأشخاص في ضوء اجتهادات محكمة التميز: القتل/الإيذاء/الخطف/الاغتصاب/هتك العرض: العذر في القتل والدفاع الشرعي |
| 250 | _aط1 | ||
| 264 | 3 | 1 | _aعمان: دار الاسراء، 2004 |
| 300 | _a299ص | ||
| 336 |
_atext _btxt _2rdacontent |
||
| 337 |
_aunmediated _bn _2rdamedia |
||
| 338 |
_avolume _bnc _2rdacarrier |
||
| 650 | 4 |
_aجرائم الأعتداء على الاشخاص -- قوانين وتشريعات -- الأردن _947105 |
|
| 999 |
_aA20539 _c24107 _d24107 |
||